| 000 | 003610000a22001570004500 | ||
|---|---|---|---|
| 001 | 000114 | ||
| 003 | MACL | ||
| 040 | _aMACL | ||
| 090 |
_c114 _d114 |
||
| 100 | _aMenon, T.C. Sankara | ||
| 245 |
_aChandu Menon _bMakers of indian literature _cT.C. Sankara Menon |
||
| 260 |
_aSahitya Akademi, _c1997 |
||
| 350 | _a25 | ||
| 650 | _aBiography | ||
| 942 |
_k820 _cBook |
||
| 999 |
_c49421 _d49421 |
||